Ako sa menia lesy sveta?

Gespeichert in:
Bibliographische Detailangaben
Weitere Verfasser: Martinický, Stanislav (HerausgeberIn)
Format: Buch
Sprache:Slowakisch
Veröffentlicht: Zvolen : Slovenská lesnícka spoločnosť, 2018
Schlagworte:
Online-Zugang: Volltext
Tags: Tag hinzufügen
Keine Tags, Fügen Sie den ersten Tag hinzu!

MARC

LEADER 00000nam a2200000 4500
003 SK-BrCVT
005 20220621183801.0
006 a####e######000#0#
008 190314s###############e######000#0#slo#d
020 |q (brož.) 
035 |a CVTIDW0069961 
040 |a CVT  |b slo  |c CVT  |e AACR2 
080 |a 630  |2 2008 
100 1 |a Martinický, Stanislav  |4 edt 
245 1 0 |a Ako sa menia lesy sveta?  |c Editori: Stanislav Martinický, Miroslav Kovalčík, Martin Moravčík, Valéria Longauerová 
260 |a Zvolen :  |b Slovenská lesnícka spoločnosť,  |c 2018 
300 |a 108 s.  |b tab., grafy;  |c 21 cm 
653 1 |a les 
653 1 |a lesníctvo 
655 7 |a odborné publikácie  |2 SNKPH 
852 |a CVTISR  |b 1 
910 |b V003718 
959 |a 41 
974 |a gabriela.miklankova  |f Knihy 
992 |a AMG 
999 |c 266620  |d 266620